000 01714nam0a2200325 4500
001 RU\NLR\bibl\1309587
005 20260405160255.0
010 _a5-85152-672-5
_9300
021 _aRU
_b2008-86713
_95063
035 _a(NLR Aleph) 001295054
090 _a583416
_c583416
100 _a20081218d2008 |||y0rusy50 ca
101 0 _arus
102 _aRU
105 _aa |||||||||
200 1 _aСудебный контроль за законностью и обоснованностью действий и решений должностных лиц, осуществляющих уголовное судопроизводство России (глава 16 УПК РФ)
_eучебно-практическое пособие
_fН.Н. Ковтун, Р.В. Ярцев
_gУпр. Судеб. деп. в Нижегор. обл.
205 _a2-е изд., доп. и изм.
210 _aНижний Новгород
_cИзд-во Волго-Вятской академии государственной службы
_d2008
215 _a151 с.
_cил.
_d21
320 _aБиблиогр. в подстроч. примеч.
606 1 _aУголовный процесс
_jУчебные издания
_xСудебный контроль
_yРоссийская Федерация
_92321489
_3RU\NLR\auth\661388809
686 _aХ629.3я7
700 1 _4070
_8rus
_7ca
_aКовтун
_bН. Н.
_gНиколай Николаевич
_3RU\NLR\auth\7766948
_949876
701 1 _aЯрцев
_bР. В.
_gРоман Валерьевич
_4070
801 0 _aRU
_bNLR
_c20081218
_gRCR
801 1 _aRU
_bNLR
_c20081218
830 _aавт. по кн.
942 _cBOOK
980 _aNB